000 00596cam a2200217 4500
001 D14427
008 970304 1882 d 1
035 _a(Sirsi) u94744
041 0 _aeng
050 0 4 _a526.99 $2 18
100 1 _aWharton, William J. L.
245 0 0 _aHydrographical surveying
_ba description of the means and methods employed in constructing marine charts
250 _a2nd ed.
260 _aLondon
_bJohn Murray
_c1898
300 _avii, 388p.
_c24cm.
350 _a0
651 4 _aUnited Kingdom
_y
690 _aHydrography
_96245
942 _n0
948 _c04/03/1997
999 _c98163
_d98163